載入...

Prathikaram /

書目詳細資料
主要作者: Alexander, K. J.
格式: Printed Book
語言:Malayalam
出版: Current Books , 1946.
LEADER 00438nam a2200133Ia 4500
008 150624b xxu||||| |||| 00| | mal d
082 |a 822.8W1 
100 |a Alexander, K. J. 
245 |c K. J. Alexander  |a Prathikaram / 
260 |b Current Books ,  |c 1946. 
546 |a In Malayalam. 
942 |c BK 
999 |c 71427  |d 71427 
952 |0 1  |1 0  |4 0  |6 822_000000000000000_8W1_PRA  |7 0  |9 71402  |a UL  |b UL  |c ST1  |d 1998-09-15  |l 0  |o 822.8W1 PRA  |p 1296  |r 2012-10-27  |w 2012-10-27  |y BK